| Поле | Инд. | ПП | Название | Значение |
|---|---|---|---|---|
| Тип записи | a | |||
| Библиографический уровень | m | |||
| 001 | Контрольный номер | RU/IS/BASE/190297957 | ||
| 005 | Дата корректировки | 20251010110400.2 | ||
| 008 | Кодируемые данные | 20060111 | ||
| 020 | a | ISBN | 5-9516-0034-0 | |
| 084 | a | Индекс другой классификации/Индекс ББК | 67.409(2Рос)я73; 67.3(2Рос)я73; 67.3(0)я73 | |
| 090 | a | Полочн. индекс | 67.409(2Рос)я73 | |
| x | Авторский знак | У 261 | ||
| 100 | 1_ | a | Автор | Михлин А. С. |
| q | Полное имя | Михлин Александр Соломонович | ||
| 100 | 1_ | a | Автор | Пономарев П. Г. |
| 100 | 1_ | a | Автор | Шмаров И. В. |
| 100 | 1_ | a | Автор | Селиверстов В. И. |
| 245 | 10 | a | Заглавие | Уголовно-исполнительное право |
| b | Продолж. заглавия | учебник для юридических вузов | ||
| c | Ответственность | под редакцией В. И. Селиверстова | ||
| 250 | a | Основные сведения об издании | 5-е изд., испр. и доп. | |
| 260 | a | Место издания | Москва | |
| b | Издательство | Юриспруденция | ||
| c | Дата издания | 2006 | ||
| 300 | a | Объем | 392 с. | |
| 336 | a | Термин вида содержания | Текст | |
| 337 | a | Термин типа средства | непосредственный | |
| 521 | 0_ | a | Примеч. о целев. назн. | студенты; слушатели курсов повышения квалификации |
| 650 | 04 | a | Основная рубрика | право |
| a | Основная рубрика | уголовно-исполнительное право | ||
| 653 | 0_ | a | Ключевые слова | арест |
| a | Ключевые слова | Великобритания | ||
| a | Ключевые слова | воспитательная работа | ||
| a | Ключевые слова | Германия | ||
| a | Ключевые слова | исполнение наказаний | ||
| a | Ключевые слова | исполнение уголовных наказаний | ||
| a | Ключевые слова | исправительное воздействие | ||
| a | Ключевые слова | исправительные работы | ||
| a | Ключевые слова | исправительные учреждения | ||
| a | Ключевые слова | история уголовно-исполнительного законодательства | ||
| a | Ключевые слова | контроль за деятельностью учреждений | ||
| a | Ключевые слова | лишение права занимать определенные должности | ||
| a | Ключевые слова | лишение свободы | ||
| a | Ключевые слова | материально-бытовое обеспечение | ||
| a | Ключевые слова | медико-санитарное обеспечение | ||
| a | Ключевые слова | обвиняемый | ||
| a | Ключевые слова | обращение с заключенными | ||
| a | Ключевые слова | ограничение свободы | ||
| a | Ключевые слова | организация труда осужденных | ||
| a | Ключевые слова | освобождение от наказания | ||
| a | Ключевые слова | осужденные | ||
| a | Ключевые слова | пенитенциария | ||
| a | Ключевые слова | подозреваемый | ||
| a | Ключевые слова | пожизненное лишение свободы | ||
| a | Ключевые слова | прокурорский надзор | ||
| a | Ключевые слова | режим исполнения наказаний | ||
| a | Ключевые слова | Российская Федерация | ||
| a | Ключевые слова | Россия | ||
| a | Ключевые слова | смертная казнь | ||
| a | Ключевые слова | США | ||
| a | Ключевые слова | тюрьмы | ||
| a | Ключевые слова | уголовно-исполнительная политика | ||
| a | Ключевые слова | уголовно-исполнительное законодательство | ||
| a | Ключевые слова | штраф | ||
| a | Ключевые слова | Япония | ||
| 655 | a | Жанр/ форма (устаревшее) | учебное пособие | |
| 901 | t | Тип документа | m | |
| 952 | a | Тип литературы для КСУ ВШ | УИ | |
| 954 | a | Гриф | 1.1 |